The clausal theory of types
Αποθηκεύτηκε σε:
| Κύριος συγγραφέας: | |
|---|---|
| Μορφή: | Βιβλίο |
| Γλώσσα: | English |
| Δημοσίευση: |
Cambridge : New York :
Cambridge University Press,
1993
|
| Σειρά: | Cambridge tracts in theoretical computer science ;
; 21 |
| Θέματα: | |
| Ετικέτες: |
Προσθήκη ετικέτας
Δεν υπάρχουν, Καταχωρήστε ετικέτα πρώτοι!
|
MARC
| LEADER | 00000nam a2200000 i 4500 | ||
|---|---|---|---|
| 001 | 1/37991 | ||
| 008 | 941103s1993 eng d | ||
| 020 | |a 0521395380 |c Ή24.95 | ||
| 035 | |l 10040656 | ||
| 035 | |a 1993 |c ΠΑΝΑΓΙΩΤΟΠΟΥΛΟΣ | ||
| 040 | |a GR-MY-UA |b gre |e aacr | ||
| 041 | 0 | |a eng | |
| 082 | 0 | |a 005.11 |2 (20) | |
| 100 | 1 | |a Wolfram, D. A. | |
| 245 | 1 | 4 | |a The clausal theory of types / |c D. A. Wolfram |
| 260 | |a Cambridge : |a New York : |b Cambridge University Press, |c 1993 | ||
| 300 | |a viii, 124 p.; |c 26 cm | ||
| 490 | 1 | |a Cambridge tracts in theoretical computer science |v ; 21 | |
| 504 | |a Includes bibliographical references (p. 107-120) and index | ||
| 650 | 0 | 0 | |a Logic programming. |
| 830 | 0 | |a Cambridge tracts in theoretical computer science ; |v ; 21 | |
| 852 | |a INST |b SAMOS |e 19941103 |h 005.11 WOL |p 005300004368 |q 005300004368 |t BK |y 0 | ||
| 909 | |a Σ |b 029684 | ||